000
00216nam a22000857a 4500
008
161108b xxu||||| |||| 00| 0 eng d
100
_9
1071
_a
Gupta.S.
245
_a
Information Technology-IX
260
_a
New Delhi
_b
ABC
_c
2011
999
_c
3726
_d
3726